000 01015nam2a2200241 4500
001 rc\2994588
005 20260315063313.0
035 _a(NLR Aleph) 007138389
090 _a13614004
_c13614004
100 _a20080229d1935 u y0rusy50 ca
101 0 _arus
102 _aRU
105 _ah z |||||
200 1 _aФаксимильное воспроизведение первопечатного текста
210 _d1935
215 _aПереплет, XX, 171 с., 2 вкл. л. факс.
_cфакс.
461 0 _1001rc\2994586
_12001#$aДесятилетие Вольной русской типографии в Лондоне 1853-1863$e[Т.] 1-$v[Т.] 1
_97030354
_cМосква
_d1935
_nИзд-во Акад. наук СССР
_o[Т.] 1-
_tДесятилетие Вольной русской типографии в Лондоне 1853-1863
_v[Т.] 1
801 0 _aRU
_bNLR
_gpsbo
801 1 _aRU
_bELAR
_2rusmarc
852 _aNLR
_j35-16/19
852 _aNLR
_jКрII/523(1)
942 _cUNSPEC
980 _aNB